000 00781nam a22002057a 4500
999 _c5126
_d5126
003 AR-CdUCM
008 190312b ||||| |||| 00| 0 spa d
020 _a84-376-0079-0
040 _aMUNICIPALIDAD PROVINCIAL DEL CUSCO
_cBIBLIOTECA MUNICIPAL DEL CUSCO
082 _22ed.
_a412 /
_bT83
100 _aTrujillo, Ramón
_915585
245 _aElementos de semántica lingüística /
260 _aMadrid :
_bCátedra,
_c1979.
300 _a255 páginas ;
_c21 cm.
505 _aContenido: Elementos de semántica lingüistica -- Semámtica y funciones del lenguaje -- La naturaleza de las unidades semáticas -- Las constantes semánticas y su relación con la expresión ...
650 _aSemántica
_97092
650 _aLingüistica
_91640
942 _2ddc
_cLIBROS
945 _azta